Διαπολιτισμικότητα, παγκοσμιοποίηση και ταυτότητες
Αποθηκεύτηκε σε:
| Συγγραφή απο Οργανισμό/Αρχή: | |
|---|---|
| Άλλοι συγγραφείς: | |
| Μορφή: | Βιβλίο |
| Γλώσσα: | Greek |
| Δημοσίευση: |
Αθήνα :
Gutenberg,
2008.
|
| Θέματα: | |
| Ετικέτες: |
Προσθήκη ετικέτας
Δεν υπάρχουν, Καταχωρήστε ετικέτα πρώτοι!
|
MARC
| LEADER | 00000cam a2200000 i 4500 | ||
|---|---|---|---|
| 001 | 1/98745 | ||
| 008 | 081203s2008 gr | ||| |||| ||gre|| | ||
| 020 | |a 9789600111996 | ||
| 035 | |l 10102203 | ||
| 040 | |a GR-MyUa |b gre |e AACR2 | ||
| 041 | 0 | |a gre | |
| 082 | 7 | |a 303.482 |2 (22) | |
| 245 | 0 | 0 | |a Διαπολιτισμικότητα, παγκοσμιοποίηση και ταυτότητες / |c επιμέλεια Ελένη Χοντολίδου ... [κ.ά.] ; γλωσσική επιμέλεια Γιώργος Μιχαηλίδης. |
| 260 | |a Αθήνα : |b Gutenberg, |c 2008. | ||
| 300 | |a 690 σ. : |b εικ. ; |c 24 εκ. | ||
| 504 | |a Περιέχει βιβλιογραφικές παραπομπές. | ||
| 650 | 0 | 0 | |a Multiculturalism. |
| 650 | 0 | 0 | |a Acculturation. |
| 650 | 0 | 0 | |a Globalization. |
| 650 | 0 | 0 | |a Identity. |
| 700 | 1 | |a Χοντολίδου, Ελένη, |e edtf | |
| 710 | 2 | |a Ελληνική Σημειωτική Εταιρεία. | |
| 852 | |a INST |b LESVOS |e 20081203 |h 303.482 ΕΛΛ |p 005100043619 |q 005100043619 |t BK |y 0 | ||
| 901 | |a BIBL1-2008-3 | ||
| 970 | |a ΚΑΡΑ |b ΓΙΑΣΕΜΗ |z 2008/12/03 | ||